000 00331nam a22001457a 4500
008 230612b ||||| |||| 00| 0 eng d
020 _a9780132558921
041 _aeng
080 _2SEVENTH EDITION
_a621
082 _a621MOT
100 _a19
101 _aMIM
245 _aAPPLIED FLUID MECHANICS
_cMOTT.L.R
942 _2udc
_cBK
999 _c59933
_d59933